Historia económica de Mendoza durante el virreinato 1776-1810

Guardado en:
Detalles Bibliográficos
Autor principal: Santos Martínez, Pedro (Autor)
Formato: Libro
Lenguaje:español
Publicado: Madrid Universidad Nacional de Cuyo 1961
Materias:
Etiquetas: Agregar Etiqueta
Sin Etiquetas, Sea el primero en etiquetar este registro!

MARC

LEADER 00000nam a2200000 a 4500
001 UCO3177
003 CL-VaPUC
008 000714e19610000SP |||||||||||||||||spa|d
082 0 4 |a 330.8264  |b SAN  |2 21 
100 0 |a Santos Martínez, Pedro  |e author  |9 447089 
245 1 0 |a Historia económica de Mendoza durante el virreinato 1776-1810 
300 |a 478 p 
942 |c BK 
945 |d 20000714 00:00:00  |a rherrera 
260 |a Madrid  |b Universidad Nacional de Cuyo  |c 1961 
650 7 |a ECONOMIA ARGENTINA  |2 CL-VaPUC  |9 437139 
650 7 |a HISTORIA DE MENDOZA  |2 CL-VaPUC  |9 447060 
650 0 |a Virreinato del Río de La Plata  |9 373725 
651 7 |a MENDOZA  |2 CL-VaPUC  |9 447090 
651 0 |a Argentina  |9 254888 
583 |a last modification  |c 20160817 01:17:15  |k Rodrigo Vera 
999 |c 289647  |d 289645 
952 |0 0  |1 0  |4 0  |6 330_826400000000000_SAN_1961  |7 0  |8 A  |9 338218  |a BIBHIS  |b BIBHIS  |d 2019-11-20  |i 1299948  |o 330.8264 SAN 1961  |p 1299948  |r 2025-01-20  |w 2019-11-20  |y BK  |k HIS